LEADER 01061nam0-2200349---450- 001 990008471600403321 005 20090112123730.0 035 $a000847160 035 $aFED01000847160 035 $a(Aleph)000847160FED01 035 $a000847160 100 $a20070220d1950----km-y0itay50------ba 101 0 $aeng 102 $aUS 105 $a----a---001yy 200 1 $a<>victorians and after, 1830-1914$fby Edith C. Batho and Bonamy Dobrée$gwith a chapter on the economic background by Guy Chapman 205 $a2nd ed. 210 $aNew York$cDover publications$d1950 215 $a360 p.$d21 cm 225 1 $aIntroductions to English literature$v4 610 0 $aLetteratura inglese$aSec. 19.-20. 676 $a820.9008 700 1$aBatho,$bEdith C.$0298890 701 1$aDobrée,$bBonamy$0387349 702 1$aChapman,$bGuy 801 0$aIT$bUNINA$gRICA$2UNIMARC 901 $aBK 912 $a990008471600403321 952 $a820.9008 BAT 1$fFLFBC 959 $aFLFBC 996 $aVictorians and after, 1830-1914$9729763 997 $aUNINA